|
|
|
|
| LEADER |
00000nab a2200000 ar4500 |
| 001 |
vtls008955963 |
| 003 |
SK-MaSNL |
| 005 |
20260303070353.0 |
| 008 |
070316c2007 xo wr|p|||||||000 b|slo |
| 038 |
|
|
|a PPPK
|
| 040 |
|
|
|a PPPKCL
|b slo
|c PPPK
|e AACR2
|
| 041 |
0 |
|
|a slo
|
| 044 |
|
|
|a xo
|c SK
|
| 080 |
|
|
|a 352:06.053.5
|2 1997
|
| 080 |
|
|
|a 06.053.5
|2 1997
|
| 245 |
0 |
0 |
|a Včera zasadalo mestské zastupiteľstvo
|c [autor] (ppl)
|
| 610 |
1 |
7 |
|a Poprad (Slovensko).
|b Mestské zastupiteľstvo
|2 pppkcl
|9 187158
|
| 610 |
1 |
7 |
|a Poprad (Slovensko)
|b Mestské zastupiteľstvo
|p (2. riadne zasadanie :
|d 25. január 2007)
|2 pppkcl
|9 1067687
|
| 648 |
|
7 |
|a 2007
|2 pppkcl
|9 313226
|
| 650 |
0 |
7 |
|a zasadnutia mestského zastupiteľstva
|2 pppkcl
|9 1032409
|
| 651 |
|
7 |
|a Poprad (Slovensko)
|2 pppkcl
|9 20155
|
| 773 |
0 |
|
|t Poprad : noviny občanov mesta
|g Roč. XVIII, č. 7 (2007), s. 1
|
| 852 |
|
|
|a PPPK
|b KIS3GCP
|
| 999 |
|
|
|c 1755066
|d 1756996
|